000 01220cam a2200241 4500
001 WB4037-02
008 040929n2004 000 0 eng u
035 _a(Sirsi) u127553
245 _aAdjust you must
260 _c2004
490 _aRICS Press Release
_v(pr087) 29 September 2004, (2)
520 _aFrom 1 October 2004 many businesses will have to review access to their services but according to RICS many businesses are unaware that there are many different options available which can avoid costly building alterations. Advises that the best approach is to employ a professional to undertake an access audit which may involve removing, altering or providing a means of avoiding the physical features. For the press release: http://www.rics.org/cgi-bin/MsmGo.exe?grab_id=74&p age_id=3475968&query=adjust
590 _aWB
590 _aWB
650 _aDISABILITY DISCRIMINATION ACT 1995
650 _aPUBLIC ACCESS
650 _aMANAGEMENT-BUSINESS MANAGEMENT-DISCRIMINATION-DISABILITY DISCRIMINATION-ACCESSIBILITY
650 _aBUILDING ALTERATIONS
650 _aACCESS AUDIT
650 _aFACILITIES MANAGEMENT
_96240
690 _aBUILDING AND CONSTRUCTION-DESIGN AND STRUCTURES
942 _n0
999 _c118080
_d118080